| 000 | 01077cab a2200265 4500 | ||
|---|---|---|---|
| 001 | WB2830-51 | ||
| 008 | 090401t1992 xxu||||| |||| 00| 0 eng d | ||
| 035 | _a(Sirsi) u68961 | ||
| 041 | _aeng | ||
| 245 | _aSupervision of trainee surveyor | ||
| 260 | _c1992 | ||
| 350 | _a0 | ||
| 490 |
_aEstates Gazette Case Summaries _v(1992) EGCS 101(1) (25/7/92) |
||
| 520 | _a"Summers and another v Congreve Horner & Co" (Independent Insurance Co Ltd, third party CA 8 July 1992. The surveyors won the appeal against a decision, which had backed the insurers` refusal to pay out on a negligence claim for a survey, where the trainee was insufficiently supervised. CA held that supervision meant to `keep an eye on` not continuous observation. | ||
| 650 | _aNEGLIGENCE | ||
| 650 | _aNEGLIGENT SURVEYS | ||
| 650 | _aPROFESSIONAL INDEMNITY INSURANCE | ||
| 650 | _aRICS | ||
| 650 | _aSUMMERS V CONGREVE HORNER | ||
| 650 | _aSUPERVISION | ||
| 650 | _aTRAINEE SURVEYORS | ||
| 690 | _aMANAGEMENT-BUSINESS MANAGEMENT-PROFESSIONAL PRACTICE | ||
| 942 | _n0 | ||
| 948 | _c04/03/1997 | ||
| 999 |
_c43303 _d43303 |
||